| 000 | 00952nam a22003017a 4500 | ||
|---|---|---|---|
| 003 | CHAP | ||
| 005 | 20220329135730.0 | ||
| 008 | 971013s1991 r 00010 d | ||
| 010 | _a41232 | ||
| 011 | _a42204 | ||
| 035 | _a46332 | ||
| 040 | _cCHAP | ||
| 082 |
_a639.90941 _bH3 |
||
| 100 | 0 | 0 |
_aHarris, Esmond. _952857 |
| 245 | _aWildlife conservation in managed woodlands and forests | ||
| 260 |
_aOxford : _bBlackwell, _c1991 |
||
| 300 |
_a358 p. _b: ilus. |
||
| 590 |
_aBATCH-UPD _b10 _c20130110 _lUCH01 _h1617 |
||
| 590 |
_aBATCH-UPD _b10 _c20130410 _lUCH01 _h1011 |
||
| 590 |
_aBATCH-UPD _b10 _c20130914 _lUCH01 _h0712 |
||
| 590 |
_aCONVERSION _b10 _c20130109 _lUCH01 _h1323 |
||
| 650 | 1 | 4 |
_aBosques _xGran BretaƱa. _914197 |
| 650 | 1 | 4 |
_aVida silvestre _xConservación. _9119166 |
| 700 | 0 |
_aHarris, Jeannette. _952863 |
|
| 901 | _aBK | ||
| 942 | _cLIBRO | ||
| 949 |
_a639.90941 H3 _bBC _cLIBRO _d33724000003828 _eLIBRO _gI.178130 _h88683 _i46332 _si _t268.66 |
||
| 999 |
_c41232 _d41232 |
||